LIBRARY & INFORMATION CENTRE, KCAET, TAVANUR

ONLINE PUBLIC ACCESS CATALOGUE (OPAC)

Normal view MARC view
  • Sloanczewski,Joan L,

Entry Personal Name

Number of records used in: 1

001 - CONTROL NUMBER

  • control field: 608

003 - CONTROL NUMBER IDENTIFIER

  • control field: OSt

005 - DATE AND TIME OF LATEST TRANSACTION

  • control field: 20160627102043.0

008 - FIXED-LENGTH DATA ELEMENTS

  • fixed length control field: 160627|| aca||aabn | a|a d

040 ## - CATALOGING SOURCE

  • Original cataloging agency: OSt
  • Transcribing agency: OSt

100 ## - HEADING--PERSONAL NAME

  • Personal name: Sloanczewski,Joan L,

670 ## - SOURCE DATA FOUND

  • Source citation: Work cat.: (OSt): Sloanczewski,Joan L,, Microbiology:An Evolving Science
free website counter